Analýza právnej úpravy zájazdov, podmienok podnikania cestovných kancelárií a cestovných agentúr z pohľadu praxe bakalárska práca

Uložené v:
Podrobná bibliografia
Hlavný autor: Kazmérová, Lenka
Korporativný autor: Obchodná fakulta EU. Katedra obchodného práva
Ďalší autori: Holub, Dušan
Médium: Kniha
Jazyk:Slovak
Vydavateľské údaje: Bratislava 2016
Tagy: Pridať tag
Žiadne tagy, Buďte prvý, kto otaguje tento záznam!

MARC

LEADER 00000nbm a2200000 4500
001 0218839
005 20161205131039.3
041 0 |a slo 
044 |a SK 
245 1 0 |a Analýza právnej úpravy zájazdov, podmienok podnikania cestovných kancelárií a cestovných agentúr z pohľadu praxe  |b bakalárska práca  |c Lenka Kazmérová ; školiteľ: Dušan Holub 
264 1 |a Bratislava  |c 2016 
300 |a 36 s. 
100 1 |a Kazmérová, Lenka 
700 1 |a Holub, Dušan 
710 2 |a Obchodná fakulta EU. Katedra obchodného práva